000 00973nam0a22002411 4500
001 rc\980526
005 20250622064545.0
035 _a(NLR Aleph) 006148636
090 _a5738358
_c5738358
100 _a20041129d1982 |||y0rusy50 ca
101 0 _arus
102 _aRU
105 _aa |||||||||
200 1 _aИстория адыхейского народа
_eСост. по преданиям кабардинцев
_fВступ. статья и подгот. текста проф. Т.Х. Кумыкова
210 _aНальчик
_cЭльбрус
_d1982
215 _a166 с.
_cпортр.
_d20
300 _aВ надзаг.: Кабард.-Балк. ин-т истории, филологии и экономики при Совете Министров КБАССР
700 1 _aНогмов
_bШ.Б.
_f1801-1844
_gШора Бекмурзович
801 0 _aRU
_bNLR
_gpsbo
801 1 _aRU
_bELAR
_2rusmarc
852 _aNLR
_j83-3/5874
942 _cBOOK
980 _aNB